Catálogo Biblioteca Central

Path dependence and public sector innovation in regulatory regimes (Registro nro. 165493)

Detalles MARC
000 -CABECERA
campo de control de longitud fija 00608naa a2200193 4500
001 - NÚMERO DE CONTROL
campo de control 165493
003 - IDENTIFICADOR DEL NÚMERO DE CONTROL
campo de control ES-MaBCM
005 - FECHA Y HORA DE LA ÚLTIMA TRANSACCIÓN
campo de control 20241016190851.0
008 - CÓDIGOS DE INFORMACIÓN DE LONGITUD FIJA
campo de control de longitud fija 090108s2008 nor|r0p 0 ||eng d
021 ## -
-- xx
035 ## - NÚMERO DE CONTROL DEL SISTEMA
Número de control de sistema (OCoLC)1365143577
040 ## - FUENTE DE LA CATALOGACIÓN
Centro transcriptor ES-MaBCM
100 1# - PUNTO DE ACCESO PRINCIPAL - NOMBRE DE PERSONA
Nombre de persona Veggeland, Noralv
9 (RLIN) 86401
245 00 - MENCIÓN DE TÍTULO
Título Path dependence and public sector innovation in regulatory regimes
Mención de responsabilidad etc. Noralv Veggeland
520 0# - SUMARIO, ETC.
Sumario etc. Contiene bibliografía
650 #7 - PUNTO DE ACCESO ADICIONAL DE MATERIA--TÉRMINO DE MATERIA
Término de materia o nombre geográfico como elemento inicial Reforma administrativa
9 (RLIN) 60037
773 0# - ENLACE AL DOCUMENTO FUENTE
Encabezamiento principal En:
Título Scandinavian political studies
Lugar editor y fecha de publicación Oslo
Número de control del registro relacionado 104629
Parte(s) relacionada(s) Vol. 31, no. 3 (2008), p. 268-290
942 ## - ELEMENTOS DE PUNTO DE ACCESO ADICIONAL (KOHA)
Tipo de ítem Koha Artículos de revistas
Existencias
Estado de retiro Estado de pérdida Estado dañado No para préstamo Localización permanente Ubicación/localización actual Fecha de adquisición Precio válido a partir de Tipo de ítem Koha
        Biblioteca Central del Ministerio de la Presidencia Biblioteca Central del Ministerio de la Presidencia 21/04/2012 21/04/2012 Artículos de revistas